| 000 | 00508nam a22001577a 4500 | ||
|---|---|---|---|
| 020 | _qHard Cover. | ||
| 082 | _a658 | ||
| 100 | _aHayat, Rosheen | ||
| 245 |
_aCareer Development and Progress of Women in the Private Sector of Pakistan _cRosheen Hayat. |
||
| 260 |
_aIslamabad: _bNBS - NUST, _c2014. |
||
| 300 |
_a87 p. : _bill. ; _c30cm. |
||
| 650 |
_aBusiness Administration MS-Thesis. _928459 |
||
| 700 |
_aSana Ahmed. _915772 |
||
| 942 |
_2ddc _cTHE |
||
| 999 |
_c534312 _d534312 |
||